Loading...
| TR | 1 | 5 | 0 | 3 | 65 | 53 | 108.17 | 2 | 6 | 0.00 | 0.00 |
| RC | 3 | 2 | 0 | 0 | 65 | 36 | 78.40 | 1 | 5 | 0.00 | 0.00 |
| MB | 2 | 4 | 1 | 0 | 65 | 62 | 95.83 | 3 | 6 | 0.00 | 0.00 |
| RR | 1 | 5 | 2 | 1 | 55 | 43 | 94.83 | 1 | 6 | 0.00 | 0.00 |
| BB | 0 | 5 | 1 | 1 | 45 | 74 | 98.60 | 3 | 5 | 0.00 | 0.00 |
| AG | 1 | 2 | 0 | 1 | 35 | 53 | 94.67 | 1 | 3 | 0.00 | 0.00 |
| DM | 0 | 2 | 0 | 1 | 20 | 116 | 130.50 | 0 | 2 | 0.00 | 0.00 |
| AR | 0 | 2 | 0 | 0 | 20 | 120 | 126.50 | 0 | 2 | 0.00 | 0.00 |
| AW | 0 | 2 | 1 | 1 | 15 | 90 | 108.50 | 0 | 2 | 0.00 | 0.00 |
| AK | 1 | 0 | 0 | 0 | 15 | 63 | 63.00 | 1 | 1 | 0.00 | 0.00 |
| AWD | 0 | 1 | 0 | 1 | 10 | 126 | 126.00 | 0 | 1 | 0.00 | 0.00 |
| RC> | 0 | 1 | 0 | 0 | 10 | 127 | 127.00 | 0 | 1 | 0.00 | 0.00 |
| RC | Nostromo: A Tale of the Seaboard | 15 | 36 |
| RR | Jamestown | 15 | 43 |
| AG | testosterone | 15 | 53 |
| TR | Sikh Empire | 15 | 53 |
| MB | bears | 15 | 62 |
| AK | New York City | 15 | 63 |
| AW | mushroom foraging | -5 | 69 |
| MB | irony | 15 | 72 |
| RC | Johnson | 15 | 73 |
| MB | Kristin Lavransdatter | 10 | 74 |